Normal view
MARC view
Entry Personal Name
001 - CONTROL NUMBER
- control field: 82099
003 - CONTROL NUMBER IDENTIFIER
- control field: dpl
005 - DATE AND TIME OF LATEST TRANSACTION
- control field: 20250617113210.0
008 - FIXED-LENGTH DATA ELEMENTS
- fixed length control field: 250617|| aca||aabn | a|a d
040 ## - CATALOGING SOURCE
- Original cataloging agency: dpl
- Transcribing agency: dpl
100 ## - HEADING--PERSONAL NAME
- Personal name: Sindhu K
670 ## - SOURCE DATA FOUND
- Source citation: Work cat.: (dpl)211842: Sindhu K., Finance (Life Blood of an Organization)Accounts (Measures the Blood) Investment (Supplies the Blood)/, 2024
